00308nam a2200109Ia 4500008004100000082000800041100001900049245001400068942000600082952009500088999001500183240331s9999 xx 000 0 und d bARA aArasanayagam,J 0aApocalpse cL 001040708LaWERCLbWERCLcSSCd2024-03-31l0o 811 ARAp6582r2024-03-31w2024-03-31yL c4976d4976